Statistics for Northernmost / Southernmost cities

Click here to take the quiz!

General Stats

  • This quiz has been taken 20 times
    (6 since last reset)
  • The average score is 19 of 27

Answer Stats

LatitudePopulationCountryAnswer% Correct
34.603° S16,600,000ArgentinaBuenos Aires
100%
43.532° S385,650New ZealandChristchurch
100%
23.129° N47,600,000ChinaGuangzhou
100%
23.129° N47,600,000ChinaGuangzhou
100%
60.169° N1,320,000FinlandHelsinki
100%
6.208° S32,100,000IndonesiaJakarta
100%
37.813° S5,050,000AustraliaMelbourne
100%
55.755° N17,400,000RussiaMoscow
100%
68.973° N307,257RussiaMurmansk
100%
40.712° N21,800,000United StatesNew York
100%
59.931° N5,650,000RussiaSaint-Petersburg
100%
23.555° S22,600,000BrazilSao Paulo
100%
37.566° N25,000,000South KoreaSeoul
100%
35.676° N40,500,000JapanTokyo
100%
69.649° N71,295NorwayTromso
83%
70.530° N7,568NorwayHammerfest
67%
64.545° N348,740RussiaArkhangelsk
50%
69.355° N175,365RussiaNorilsk
50%
53.163° S130,136ChilePunta Arenas
50%
54.801° S56,956ArgentinaUshuaia
50%
69.968° N14,272NorwayAlta
33%
78.223° N2,075NorwayLongyearbyen
33%
45.865° S182,631ArgentinaComodoro Rivadavia
17%
38.005° S672,000ArgentinaMar del Plata
17%
54.935° S2,874ChilePuerto Williams
17%
71.367° N5,063RussiaTiksi
17%
71.964° N2,450RussiaKhatanga
0%

Score Distribution

Percentile by Number Answered

Percent of People with Each Score

Your Score History

You have not taken this quiz since the last reset